| 000 | 01257cam a22002533a 4500 | ||
|---|---|---|---|
| 001 | 13594 | ||
| 003 | PGUSA | ||
| 005 | 20140828083306.0 | ||
| 008 | 041004s2004||||xxu|||||s|||||000 | eng d | ||
| 040 |
_aPGUSA _beng |
||
| 042 | _adc | ||
| 050 | 4 | _aPQ | |
| 100 | 1 |
_aSainte-Beuve, Charles Augustin, _d1804-1869 |
|
| 245 | 1 | 0 |
_aPortraits littéraires, Tome I _h[electronic resource] / _cCharles Augustin Sainte-Beuve |
| 260 |
_bProject Gutenberg, _c2004 |
||
| 505 | 0 | _aPréface -- Boileau -- La Fontaine de Boileau, épître -- Pierre Corneille -- La Fontaine -- Racine -- La reprise de Bérénice -- Jean-Baptiste Rousseau -- Le Brun -- Mathurin Regnier et André Chénier -- Documents inédits sur André Chénier -- George Farcy -- Diderot -- L'abbé Prévost -- M. Andrieux -- M. Jouffroy -- M. Ampère -- Du Génie critique et de Bayle -- La Bruyère -- Millevoye -- Des Soirées littéraires -- Charles Nodier -- Charles Nodier après les funérailles -- Appendice sur La Fontaine. | |
| 506 | _aPublic domain in the USA. | ||
| 516 | _aElectronic text | ||
| 653 | _aAuthors, French | ||
| 653 | _aFrench literature -- History and criticism | ||
| 830 | 0 |
_aProject Gutenberg _v13594 |
|
| 856 | 4 | 0 | _uhttp://www.gutenberg.org/ebooks/13594 |
| 942 | _cEB | ||
| 999 |
_c242849 _d242849 |
||